[Event "French X-ing"]
[Site "SchemingMind.com"]
[Date "2006.08.26"]
[Round "-"]
[White "cnile"]
[Black "mart_r3000"]
[Result "1-0"]
[WhiteCountry "SCO"]
[BlackCountry "ENG"]
[WhiteElo "1476"]
[WhiteRD "77"]
[BlackElo "1270"]
[BlackRD "54"]
[GameID "65259"]

1. e4 e6 2. d4 d5 3. e5 c5 4. c3 c4 5. Nd2 Be7 6. Be2 g6 7. Nf1 f5 8. exf6 Nxf6 9. Bh6 Ne4 10. Nf3 Qa5
11. Ne5 Nxc3 12. Bd2 Bb4 13. bxc3 Bxc3 14. Bxc3 Qd8 15. Ne3 O-O 16. h4 Qf6 17. N3g4 Qf5 18. Nh6+ Kg7 19. Nxf5+ exf5 20. h5 g5
21. h6+ Kf6 22. Bh5 Rg8 23. Bb4 g4 24. Qc2 Re8 25. O-O Rg8 26. f4 Na6 27. Bd6 Rd8 28. Nf7 Re8 29. Ng5 Rd8 30. Be5+ Ke7
31. Qe2 Kd7 32. Bf6 Rf8 33. Qe6+ Kc7 34. Be5+ Kd8 35. Qd6+ Bd7 36. Qxf8+
1-0

[Event "French X-ing"]
[Site "SchemingMind.com"]
[Date "2006.08.26"]
[Round "-"]
[White "mart_r3000"]
[Black "cnile"]
[Result "0-1"]
[WhiteCountry "ENG"]
[BlackCountry "SCO"]
[WhiteElo "1284"]
[WhiteRD "54"]
[BlackElo "1406"]
[BlackRD "80"]
[GameID "65260"]

1. e4 e6 2. d4 d5 3. e5 c5 4. Nf3 Nc6 5. Bb5 Bd7 6. Bg5 f6 7. Be3 fxe5 8. Bg5 Qa5+ 9. Nc3 exd4 10. Be2 dxc3
11. bxc3 Qxc3+ 12. Bd2 Qf6 13. Qb1 Bd6 14. Qxb7 Qxa1+ 15. Bd1 Rb8 16. Qxa7 Nxa7 17. O-O Rb1 18. Be1 Rxd1 19. g4 Bb5 20. h4 Bxf1
21. Kxf1 Qc3 22. Ke2 Qxc2+ 23. Kf1 Nf6 24. Kg2 Nxg4 25. h5 O-O
0-1

[Event "French X-ing"]
[Site "SchemingMind.com"]
[Date "2006.08.26"]
[Round "-"]
[White "simon_w"]
[Black "mart_r3000"]
[Result "1-0"]
[WhiteCountry "IRL"]
[BlackCountry "ENG"]
[WhiteElo "1607"]
[WhiteRD "75"]
[BlackElo "1319"]
[BlackRD "55"]
[GameID "65288"]

1. e4 e6 2. d4 d5 3. e5 a6 4. Nf3 h6 5. c4 Bb4+ 6. Bd2 Be7 7. cxd5 exd5 8. Nc3 c6 9. h3 f6 10. Be2 fxe5
11. Nxe5 Nf6 12. Bh5+ Nxh5 13. Qxh5+
1-0

[Event "French X-ing"]
[Site "SchemingMind.com"]
[Date "2006.08.26"]
[Round "-"]
[White "simon_w"]
[Black "cnile"]
[Result "1-0"]
[WhiteCountry "IRL"]
[BlackCountry "SCO"]
[WhiteElo "1682"]
[WhiteRD "70"]
[BlackElo "1406"]
[BlackRD "80"]
[GameID "65289"]

1. e4 e6 2. d4 d5 3. e5 c5 4. Nf3 Nc6 5. b3 Qb6 6. Bb2 Nge7 7. dxc5 Qxc5 8. Bd3 Bd7 9. O-O Ng6 10. Bxg6 hxg6
11. c4 dxc4 12. Ba3 Qb6 13. Bxf8 Kxf8 14. Qxd7 cxb3 15. axb3 Rd8 16. Qd6+
1-0

[Event "French X-ing"]
[Site "SchemingMind.com"]
[Date "2006.08.30"]
[Round "-"]
[White "mart_r3000"]
[Black "simon_w"]
[Result "0-1"]
[WhiteCountry "ENG"]
[BlackCountry "IRL"]
[WhiteElo "1284"]
[WhiteRD "54"]
[BlackElo "1682"]
[BlackRD "70"]
[GameID "65290"]

1. e4 e6 2. d4 d5 3. e5 c5 4. b3 cxd4 5. Qxd4 a6 6. Qa4+ Bd7 7. Qf4 Nc6 8. Nf3 Nb4 9. Bd2 Nxc2+ 10. Kd1 Nxa1
11. Ng5 f6 12. exf6 Nxf6 13. Be2 g6 14. Bc3 Bg7 15. Re1 O-O 16. Bd3 Ne4 17. Qh4 Nxc3+ 18. Nxc3 h6 19. Nxe6 Qxh4 20. Nxf8 Kxf8
21. Nxd5 Qd4 22. Ke2 Qxd5 23. Bxg6 Bb5+ 24. Ke3 Qe6+ 25. Kd2 Rd8+
0-1

[Event "French X-ing"]
[Site "SchemingMind.com"]
[Date "2006.08.31"]
[Round "-"]
[White "desmondw"]
[Black "simon_w"]
[Result "1-0"]
[WhiteCountry "IRL"]
[BlackCountry "IRL"]
[WhiteElo "1693"]
[WhiteRD "72"]
[BlackElo "1682"]
[BlackRD "70"]
[GameID "65304"]

1. e4 e6 2. d4 d5 3. e5 c5 4. c3 c4 5. Nf3 f6 6. b3 cxb3 7. axb3 Bd7 8. Bd3 Nc6 9. c4 Nb4 10. Na3 Qa5
11. O-O Nxd3 12. Qxd3 dxc4 13. bxc4 Rc8 14. Bd2 Qd8 15. c5 Bc6 16. Nc4 Bxc5 17. Ra5 Bxf3 18. Qxf3 Bb4 19. Bxb4 Rxc4 20. Qxb7 Qb6
21. Qa8+ Qd8 22. Rxa7 Rxb4 23. Qc6+ Kf8 24. Qc5+ Ne7 25. Qxb4 Kf7 26. Rfa1 Re8 27. exf6 gxf6 28. Qb1 Kg8 29. Qe4 Ng6 30. Ra8
1-0

[Event "French X-ing"]
[Site "SchemingMind.com"]
[Date "2006.08.26"]
[Round "-"]
[White "desmondw"]
[Black "mart_r3000"]
[Result "1-0"]
[WhiteCountry "IRL"]
[BlackCountry "ENG"]
[WhiteElo "1693"]
[WhiteRD "72"]
[BlackElo "1284"]
[BlackRD "54"]
[GameID "65305"]

1. e4 e6 2. d4 d5 3. e5 c5 4. c4 Nc6 5. Nf3 Qa5+ 6. Bd2 Nb4 7. a3 Nd3+ 8. Bxd3 Qa6 9. cxd5 Qxd3 10. d6 Bd7
11. a4 f6 12. Ra3 Qc4 13. Rc3 Qb4 14. Rxc5 Qb6 15. b4 Qd8 16. O-O h6 17. Rc7 Bc6 18. b5 Be4 19. d7+ Ke7 20. Qc1 Kf7
21. Rc8 Qxd7 22. Rxa8 Ne7 23. Rxa7 Nd5 24. exf6 gxf6 25. Re1 f5 26. Ne5+ Ke8 27. Nxd7 Be7 28. Qc8+ Bd8 29. Ra8 Ke7 30. Qxb7 Bc7
31. Rxh8 Kxd7 32. Qc8+ Kd6 33. Rxh6
1-0

[Event "French X-ing"]
[Site "SchemingMind.com"]
[Date "2006.08.27"]
[Round "-"]
[White "desmondw"]
[Black "cnile"]
[Result "1-0"]
[WhiteCountry "IRL"]
[BlackCountry "SCO"]
[WhiteElo "1690"]
[WhiteRD "70"]
[BlackElo "1476"]
[BlackRD "77"]
[GameID "65306"]

1. e4 e6 2. d4 d5 3. e5 c5 4. c4 Nc6 5. Nf3 cxd4 6. Nxd4 Nxe5 7. Na3 Nf6 8. Be2 Bc5 9. O-O O-O 10. Be3 Qb6
11. Rb1 Nc6 12. Nac2 Nxd4 13. Nxd4 Bxd4 14. Bxd4 Qd8 15. cxd5 Nxd5 16. Re1 Bd7 17. Bd3 Bc6 18. Qh5 g6 19. Qh6 f6 20. Bxg6 hxg6
21. Qxg6+ Kh8 22. Re4 Qe7 23. Rh4+ Qh7 24. Qxh7#
1-0

[Event "French X-ing"]
[Site "SchemingMind.com"]
[Date "2006.08.26"]
[Round "-"]
[White "simon_w"]
[Black "desmondw"]
[Result "1-0"]
[WhiteCountry "IRL"]
[BlackCountry "IRL"]
[WhiteElo "1682"]
[WhiteRD "70"]
[BlackElo "1693"]
[BlackRD "72"]
[GameID "65307"]

1. e4 e6 2. d4 d5 3. e5 Nc6 4. Nf3 Be7 5. c4 dxc4 6. Bxc4 f6 7. O-O Bd7 8. Nc3 Nh6 9. d5 exd5 10. Bxd5 fxe5
11. Bxh6 gxh6 12. Nxe5 Nxe5 13. Qh5+ Ng6 14. Qxh6 Bc6 15. Bb3 Qd6 16. Rad1 Qf4 17. Qg7 Bd7 18. Nd5 Qe5 19. Qxe5 Nxe5 20. Nxc7+ Kd8
21. Nxa8 Kc8 22. f4 Ng4 23. Rc1+ Bc6 24. Be6+ Kb8 25. Bxg4 Rg8 26. h3 Kxa8 27. f5 h5 28. Bf3 Bd7 29. Rc7 Bb5 30. Rfc1 Bc6
31. Bxc6 bxc6 32. Rxe7 Rf8 33. g4
1-0

[Event "French X-ing"]
[Site "SchemingMind.com"]
[Date "2006.08.26"]
[Round "-"]
[White "mart_r3000"]
[Black "desmondw"]
[Result "0-1"]
[WhiteCountry "ENG"]
[BlackCountry "IRL"]
[WhiteElo "1284"]
[WhiteRD "54"]
[BlackElo "1693"]
[BlackRD "72"]
[GameID "65308"]

1. e4 e6 2. d4 d5 3. e5 Nc6 4. Nf3 f6 5. Bb5 Bd7 6. O-O fxe5 7. Bg5 Nf6 8. Bh4 e4 9. Ng5 Bd6 10. Be2 h6
11. Nh3 g6 12. f4 Qe7 13. c3 O-O-O 14. Qa4 g5 15. Be1 g4 16. Nf2 h5 17. b4 Nxd4 18. Qxa7 Nxe2+ 19. Kh1 c6 20. a4 g3
21. Nd1 Bxf4 22. a5 gxh2 23. a6 Be8 24. Bh4 Rf8 25. axb7+ Qxb7 26. Qa3 Qb6 27. Nf2 Ng4 28. Nxg4 Qg1+
0-1

[Event "French X-ing"]
[Site "SchemingMind.com"]
[Date "2006.08.26"]
[Round "-"]
[White "cnile"]
[Black "desmondw"]
[Result "0-1"]
[WhiteCountry "SCO"]
[BlackCountry "IRL"]
[WhiteElo "1476"]
[WhiteRD "77"]
[BlackElo "1690"]
[BlackRD "70"]
[GameID "65309"]

1. e4 e6 2. d4 d5 3. e5 f5 4. exf6 Nxf6 5. Nf3 Bd6 6. Bd3 Nc6 7. O-O O-O 8. Bg5 h6 9. Bxf6 Qxf6 10. c3 e5
11. dxe5 Nxe5 12. Nxe5 Bxe5 13. Qb3 c6 14. Nd2 Bh3 15. Nf3 Bxg2 16. Kxg2 Qxf3+ 17. Kg1 Qf4 18. Bh7+ Kh8 19. Qxb7 Qxh2#
0-1

[Event "French X-ing"]
[Site "SchemingMind.com"]
[Date "2006.09.05"]
[Round "-"]
[White "Canuck36"]
[Black "simon_w"]
[Result "0-1"]
[WhiteCountry "CAN"]
[BlackCountry "IRL"]
[WhiteElo "1524"]
[WhiteRD "82"]
[BlackElo "1739"]
[BlackRD "65"]
[GameID "65968"]

1. e4 e6 2. d4 d5 3. e5 c5 4. Nf3 f6 5. c3 Nc6 6. Be3 Qb6 7. Bd3 Qxb2 8. Nbd2 Qxc3 9. Bb5 c4 10. O-O Qa5
11. Bxc6+ bxc6 12. a4 Rb8 13. Nb1 Ba6 14. Bd2 Bb4 15. Na3 c3 16. Be3 Bxf1 17. Kxf1 Kd7 18. Nc2 Ne7 19. Nfe1 fxe5 20. dxe5 Nf5
21. f4 c5 22. Nd3 Rhf8 23. g3 g5 24. Ndxb4 Qxb4 25. Kf2 Nxe3 26. Kxe3 gxf4+ 27. gxf4 Qxf4+
0-1

[Event "French X-ing"]
[Site "SchemingMind.com"]
[Date "2006.09.05"]
[Round "-"]
[White "Canuck36"]
[Black "desmondw"]
[Result "0-1"]
[WhiteCountry "CAN"]
[BlackCountry "IRL"]
[WhiteElo "1505"]
[WhiteRD "74"]
[BlackElo "1700"]
[BlackRD "71"]
[GameID "65969"]

1. e4 e6 2. d4 d5 3. e5 Nc6 4. Nf3 Nge7 5. c4 Nf5 6. cxd5 exd5 7. Nc3 Be6 8. Bb5 Be7 9. O-O O-O 10. a3 a6
11. Bxc6 bxc6 12. b4 a5 13. bxa5 Rxa5 14. a4 c5 15. Bb2 c4 16. Ne1 c6 17. f4 Ne3 18. Qf3 Nxf1 19. Qxf1 c5 20. Nb5 Bd7
21. Nc2 Bxb5 22. axb5 Rxb5 23. Bc3 cxd4 24. Nxd4 Bc5 25. g3 Bxd4+ 26. Bxd4 Qc7 27. Rc1 Rb3 28. Qd1 Rd3
0-1

[Event "French X-ing"]
[Site "SchemingMind.com"]
[Date "2006.08.31"]
[Round "-"]
[White "Canuck36"]
[Black "mart_r3000"]
[Result "0-1"]
[WhiteCountry "CAN"]
[BlackCountry "ENG"]
[WhiteElo "1524"]
[WhiteRD "82"]
[BlackElo "1270"]
[BlackRD "54"]
[GameID "65970"]

1. e4 e6 2. d4 d5 3. e5 c6 4. f4 Bb4+ 5. c3 Be7 6. Nf3 h6 7. Bd3 f5 8. O-O c5 9. Be3 a6 10. dxc5 Nd7
11. Qa4 b5 12. Bxb5 h5 13. Nbd2 Nh6 14. Nb3 Bb7 15. Be2 Ng4 16. Bf2 Nxf2 17. Rxf2 O-O 18. c4 d4 19. Nfxd4 Be4 20. Nxe6 Qe8
21. Nxf8 Bxf8 22. Rd1 Rd8 23. Qa5 Ra8 24. Bd3 Qe6 25. Bxe4 fxe4 26. Re2 Rc8 27. Rxe4 Qf5 28. Red4 Nb8 29. Rd8 Nc6 30. Rxc8 Qxc8
31. Nd4 Nxa5 32. b3 Bxc5 33. Kf1 Qg4 34. Ne2 Qh4 35. Nd4 Qxf4+ 36. Nf3 h4 37. e6 h3
0-1

[Event "French X-ing"]
[Site "SchemingMind.com"]
[Date "2006.09.01"]
[Round "-"]
[White "Canuck36"]
[Black "cnile"]
[Result "0-1"]
[WhiteCountry "CAN"]
[BlackCountry "SCO"]
[WhiteElo "1505"]
[WhiteRD "74"]
[BlackElo "1503"]
[BlackRD "75"]
[GameID "65971"]

1. e4 e6 2. d4 d5 3. e5 c5 4. c3 Nc6 5. Nf3 Qb6 6. Bd3 Bd7 7. Qc2 h6 8. Be3 Nge7 9. O-O Ng8 10. b3 f6
11. Bg6+ Kd8 12. exf6 Nxf6 13. Ne5 Be8 14. Nf7+ Bxf7 15. Bxf7 e5 16. Bxd5 Nxd5 17. Na3 cxd4 18. cxd4 Bxa3 19. dxe5 Nxe3 20. Qd3+ Kc7
21. fxe3 Raf8 22. e6 Kb8 23. Rad1 Rd8 24. Qc3 Rxd1 25. Rxd1 Bc5 26. Kf2 Rf8+ 27. Ke2 Re8 28. Qxg7 Qb5+ 29. Kf3 Rf8+ 30. Kg4 Qe2+
0-1

[Event "French X-ing"]
[Site "SchemingMind.com"]
[Date "2006.08.31"]
[Round "-"]
[White "simon_w"]
[Black "Canuck36"]
[Result "1-0"]
[WhiteCountry "IRL"]
[BlackCountry "CAN"]
[WhiteElo "1739"]
[WhiteRD "65"]
[BlackElo "1524"]
[BlackRD "82"]
[GameID "65972"]

1. e4 e6 2. d4 d5 3. e5 c5 4. dxc5 Nc6 5. Bb5 Bxc5 6. Qg4 g6 7. Nf3 a6 8. Bxc6+ bxc6 9. O-O Ne7 10. Be3 Bxe3
11. fxe3 Qb6 12. Qd4 c5 13. Qc3 O-O 14. a4 a5 15. b3 Nc6 16. Qd2 f6 17. Na3 fxe5 18. Ng5 Rf5 19. e4 Rf4 20. Rxf4 exf4
21. Qxf4 Qa7 22. Rf1 Ba6 23. Nb5 Bxb5 24. axb5 Nd4 25. Rf2 Qe7 26. b6 Rf8 27. Qxf8+ Qxf8 28. Rxf8+ Kxf8 29. b7 Nc6 30. Nxe6+ Ke7
31. exd5 Nb8 32. c4 h5 33. h4 Na6 34. Nxc5 Kd6 35. Nxa6
1-0

[Event "French X-ing"]
[Site "SchemingMind.com"]
[Date "2006.08.31"]
[Round "-"]
[White "desmondw"]
[Black "Canuck36"]
[Result "0-1"]
[WhiteCountry "IRL"]
[BlackCountry "CAN"]
[WhiteElo "1682"]
[WhiteRD "72"]
[BlackElo "1502"]
[BlackRD "70"]
[GameID "65973"]

1. e4 e6 2. d4 d5 3. e5 c5 4. c4 cxd4 5. cxd5 exd5 6. Nf3 Nc6 7. Bd3 Bb4+ 8. Bd2 Nge7 9. Bxb4 Nxb4 10. Nxd4 O-O
11. O-O Qb6 12. Nf3 Nxd3 13. Qxd3 Qxb2 14. Nc3 Bf5 15. Qd2 Qxd2 16. Nxd2 Rac8 17. Ne2 g5 18. Ng3 Be6 19. Rfe1 Nc6 20. Nf3 Rfd8
21. Nxg5 Nd4 22. Rad1 Nc2 23. Re2 d4 24. Nxe6 fxe6 25. Red2 Nb4 26. Rxd4 Rxd4 27. Rxd4 Nxa2 28. Ra4 Rc1+ 29. Nf1 Nc3 30. Rg4+ Kf7
31. g3 a5 32. Kg2 b5 33. Rf4+ Kg6 34. Rf3 Nd5 35. Nd2 a4 36. Ra3 Nb4 37. Nb3 Rc3 38. Rxa4 bxa4
0-1

[Event "French X-ing"]
[Site "SchemingMind.com"]
[Date "2006.08.31"]
[Round "-"]
[White "mart_r3000"]
[Black "Canuck36"]
[Result "0-1"]
[WhiteCountry "ENG"]
[BlackCountry "CAN"]
[WhiteElo "1270"]
[WhiteRD "54"]
[BlackElo "1524"]
[BlackRD "82"]
[GameID "65974"]

1. e4 e6 2. d4 d5 3. e5 c5 4. Nf3 Nc6 5. Bg5 f6 6. exf6 Nxf6 7. c3 Be7 8. c4 cxd4 9. cxd5 Qxd5 10. Nbd2 O-O
11. Bd3 e5 12. O-O Ng4 13. Be4 Qd8 14. h3 Bxg5 15. Nxg5 Qxg5 16. hxg4 Bxg4 17. Qb3+ Rf7 18. Nc4 Qe7 19. f3 Be6 20. Bxc6 bxc6
21. Qd3 Bf5 22. Qb3 a5 23. Rae1 Be6 24. Qd3 Bxc4 25. Qxc4 c5 26. Qd5 Re8 27. Re4 Kf8 28. g3 g5 29. f4 gxf4 30. gxf4 Rg7+
31. Kf2 Qh4+ 32. Ke2 Rg2+ 33. Kd3 Qg3+ 34. Kc4 Rc2+ 35. Kb5 Rxb2+ 36. Kc6 Rc8+ 37. Kd7 Qg4+ 38. Kd6 Rb6+ 39. Kxe5 Re8+
0-1

[Event "French X-ing"]
[Site "SchemingMind.com"]
[Date "2006.08.31"]
[Round "-"]
[White "cnile"]
[Black "Canuck36"]
[Result "1-0"]
[WhiteCountry "SCO"]
[BlackCountry "CAN"]
[WhiteElo "1503"]
[WhiteRD "75"]
[BlackElo "1505"]
[BlackRD "74"]
[GameID "65975"]

1. e4 e6 2. d4 d5 3. e5 c5 4. c3 Nc6 5. Nf3 Qb6 6. a3 cxd4 7. cxd4 f6 8. Nc3 fxe5 9. Nxe5 Nf6 10. Be3 Bd6
11. Nb5 Bxe5 12. dxe5 Qa5+ 13. b4 Nxb4 14. axb4 Qxb4+ 15. Qd2 Qxd2+ 16. Bxd2 Ne4 17. Nc7+ Kd7 18. Nxa8 b6 19. Bb5+ Kd8 20. Bb4 Bb7
21. Nxb6 axb6 22. O-O Nc5 23. Rfc1 Nb3 24. Bd6 Nxc1 25. Rxc1 h5 26. f4 g6 27. Bc7+ Ke7 28. Bd6+ Kd8 29. Rc7
1-0

[Event "French X-ing"]
[Site "SchemingMind.com"]
[Date "2006.09.06"]
[Round "-"]
[White "flyingscot"]
[Black "simon_w"]
[Result "0-1"]
[WhiteCountry "SCO"]
[BlackCountry "IRL"]
[WhiteElo "1424"]
[WhiteRD "83"]
[BlackElo "1739"]
[BlackRD "65"]
[GameID "66163"]

1. e4 e6 2. d4 d5 3. e5 c5 4. Nf3 cxd4 5. Nxd4 f6 6. Qh5+ g6 7. Qh4 Be7 8. Qh3 Qb6 9. c3 Bc5 10. Bd3 fxe5
11. Bxg6+ Kd8 12. Bg5+ Be7 13. Bxe7+ Nxe7 14. Nxe6+ Bxe6 15. Qh4 Qxb2 16. Bh5 Qxa1 17. O-O Qxa2 18. Qf6 Rg8 19. Qxe6 Nd7 20. Qd6 Nf5
21. Qe6 Rf8 22. Bf7 Nh6 23. Bh5 Rxf2 24. Rxf2 Qxb1+ 25. Rf1 Qb6+ 26. Qxb6+ Nxb6 27. Rf8+ Kc7 28. Rf6 Ng8 29. Rf7+ Nd7 30. Bg4 Nf6
31. Bh3 h6 32. Kf1 Rf8 33. Rg7 Nh5+ 34. Rf7 Rxf7+ 35. Ke1 Nf4 36. Bxd7 Nxg2+ 37. Ke2 Kxd7
0-1

[Event "French X-ing"]
[Site "SchemingMind.com"]
[Date "2006.09.06"]
[Round "-"]
[White "flyingscot"]
[Black "desmondw"]
[Result "0-1"]
[WhiteCountry "SCO"]
[BlackCountry "IRL"]
[WhiteElo "1440"]
[WhiteRD "86"]
[BlackElo "1693"]
[BlackRD "72"]
[GameID "66164"]

1. e4 e6 2. d4 d5 3. e5 Nc6 4. Nf3 f6 5. Bb5 Bd7 6. Bxc6 Bxc6 7. O-O Qd7 8. Re1 O-O-O 9. a3 Ne7 10. Nc3 Nf5
11. Bf4 g5 12. Bd2 g4 13. Ng5 fxg5 14. Qxg4 h5 15. Qd1 Nxd4 16. b4 Be7 17. Qc1 g4 18. Be3 Nf5 19. Bxa7 b6 20. Qb2 d4
21. Nb1 Qd5 22. f3 gxf3 23. Kf2 fxg2 24. Kg1 Bh4 25. Re2 Qf3 26. Nd2 Qxe2 27. h3 Qf2+ 28. Kh2 g1=Q#
0-1

[Event "French X-ing"]
[Site "SchemingMind.com"]
[Date "2006.09.01"]
[Round "-"]
[White "flyingscot"]
[Black "mart_r3000"]
[Result "1-0"]
[WhiteCountry "SCO"]
[BlackCountry "ENG"]
[WhiteElo "1440"]
[WhiteRD "86"]
[BlackElo "1284"]
[BlackRD "54"]
[GameID "66165"]

1. e4 e6 2. d4 d5 3. e5 Bb4+ 4. c3 Be7 5. Nf3 h6 6. Be3 c6 7. Bd3 g6 8. O-O Qb6 9. b3 c5 10. a4 f6
11. a5 Qc7 12. b4 f5 13. dxc5 g5 14. Na3 g4 15. Nb5 Qd7 16. Nfd4 Bg5 17. Nd6+ Ke7 18. N6xf5+ Kf7 19. Qxg4 Qd8 20. Qh5+ Kf8
21. Nd6 Nd7 22. Qf7#
1-0

[Event "French X-ing"]
[Site "SchemingMind.com"]
[Date "2006.09.01"]
[Round "-"]
[White "flyingscot"]
[Black "Canuck36"]
[Result "0-1"]
[WhiteCountry "SCO"]
[BlackCountry "CAN"]
[WhiteElo "1424"]
[WhiteRD "83"]
[BlackElo "1524"]
[BlackRD "82"]
[GameID "66166"]

1. e4 e6 2. d4 d5 3. e5 c5 4. Nf3 cxd4 5. Nxd4 Bc5 6. Nb3 Qb6 7. Qf3 f6 8. exf6 Nxf6 9. Be3 Nbd7 10. Nc3 O-O
11. Be2 Ne4 12. Qg4 Nxc3 13. bxc3 Bxe3 14. O-O Bxf2+ 15. Kh1 e5 16. Nd2 Nf6 17. Qg5 h6 18. Qg6 Qe3 19. Bd3 Qxd2 20. c4 e4
21. Rfd1 Qf4 22. Be2 Bf5 23. g3 Qe3 24. Qxf5 Qxe2 25. Qe6+ Kh8 26. h3 Qf3+ 27. Kh2 Bxg3+ 28. Kg1 Qf2+ 29. Kh1 Qh2#
0-1

[Event "French X-ing"]
[Site "SchemingMind.com"]
[Date "2006.09.02"]
[Round "-"]
[White "flyingscot"]
[Black "cnile"]
[Result "1-0"]
[WhiteCountry "SCO"]
[BlackCountry "SCO"]
[WhiteElo "1439"]
[WhiteRD "82"]
[BlackElo "1492"]
[BlackRD "74"]
[GameID "66167"]

1. e4 e6 2. d4 d5 3. e5 c5 4. Nf3 Nc6 5. Bd3 Bd7 6. Bf4 Qb6 7. Qc1 cxd4 8. O-O Nge7 9. Nbd2 Ng6 10. Bg3 Be7
11. Re1 Rc8 12. Nf1 Bb4 13. Re2 Qc7 14. a3 Be7 15. c3 dxc3 16. bxc3 Ngxe5 17. Nxe5 Nxe5 18. Bxe5 Bd6 19. Bxg7 Rg8 20. Qh6 e5
21. Qxh7 Rxg7 22. Qh8+ Ke7 23. Qxg7 Qxc3 24. Qg5+ f6 25. Qg7+ Kd8 26. Qg8+ Kc7 27. Qxd5 f5 28. Rc2 Qxc2 29. Bxc2 Bc6 30. Qa5+ b6
31. Qxa7+ Bb7 32. Qa4 Kb8 33. Bxf5 Rg8 34. g3 Bc5 35. Qc2 Rg7 36. Qc3 Bd4 37. Qc1 Bxa1 38. Qxa1 Re7 39. Ne3 Rc7 40. h4 Bf3
41. g4 Rc5 42. g5 e4 43. Qh8+ Ka7 44. Qg7+ Kb8 45. Qf8+ Ka7 46. Qe7+ Ka6 47. g6 Rc1+ 48. Kh2 Rc2 49. Nxc2 Ka5 50. Qb4+ Ka6
51. Bc8+ Ka7 52. Qe7+ Kb8 53. Qb7#
1-0

[Event "French X-ing"]
[Site "SchemingMind.com"]
[Date "2006.09.01"]
[Round "-"]
[White "simon_w"]
[Black "flyingscot"]
[Result "1-0"]
[WhiteCountry "IRL"]
[BlackCountry "SCO"]
[WhiteElo "1682"]
[WhiteRD "70"]
[BlackElo "1440"]
[BlackRD "86"]
[GameID "66168"]

1. e4 e6 2. d4 d5 3. e5 c5 4. c4 cxd4 5. cxd5 Qxd5 6. Nf3 Nc6 7. a3 Bd7 8. Be2 O-O-O 9. O-O Bc5 10. Re1 Nxe5
11. b4 Bb6 12. Qc2+ Bc6 13. Nh4 Kb8 14. Bf3 Nxf3+ 15. Nxf3 d3 16. Qc3 Nf6 17. Bf4+ Ka8 18. Qe5 Qb3 19. Nbd2 Qa4 20. h3 Rd6
21. Qxd6 h6 22. Qxd3 Nd5 23. Bg3 Bb5 24. Nc4 Rc8 25. Nxb6+ Nxb6 26. Qd2 Nc4 27. Qc3 g5 28. Rac1 Bd7 29. Nd2 Nb6 30. Qe5 Rg8
31. Re3 Nd5 32. Rd3 f6 33. Qd6 Nb6 34. Rdc3 e5 35. Ne4 Bf5 36. Nxf6 Rh8 37. Qxe5 Nd7 38. Rc8+ Nb8 39. Qxb8#
1-0

[Event "French X-ing"]
[Site "SchemingMind.com"]
[Date "2006.09.01"]
[Round "-"]
[White "desmondw"]
[Black "flyingscot"]
[Result "1-0"]
[WhiteCountry "IRL"]
[BlackCountry "SCO"]
[WhiteElo "1693"]
[WhiteRD "72"]
[BlackElo "1440"]
[BlackRD "86"]
[GameID "66169"]

1. e4 e6 2. d4 d5 3. e5 c5 4. c4 Nc6 5. Nf3 cxd4 6. cxd5 exd5 7. Bf4 Qb6 8. Qb3 Qa5+ 9. Nbd2 Bc5 10. Qxd5 Be6
11. Qe4 Nge7 12. Bd3 Rd8 13. O-O Bf5 14. Qe2 Be6 15. a3 Nd5 16. Bg5 Rc8 17. Rfb1 O-O 18. b4 Qc7 19. bxc5 Nc3 20. Qe1 Nxb1
21. Rxb1 a6 22. Qe4 g6 23. Nxd4 Nxd4 24. Qxd4 Qa5 25. Ne4 Rb8 26. Nf6+ Kh8 27. Ng4 Qxa3 28. Bf6+ Kg8 29. Nh6#
1-0

[Event "French X-ing"]
[Site "SchemingMind.com"]
[Date "2006.09.01"]
[Round "-"]
[White "mart_r3000"]
[Black "flyingscot"]
[Result "1-0"]
[WhiteCountry "ENG"]
[BlackCountry "SCO"]
[WhiteElo "1284"]
[WhiteRD "54"]
[BlackElo "1440"]
[BlackRD "86"]
[GameID "66170"]

1. e4 e6 2. d4 d5 3. e5 Nc6 4. Nf3 Bd7 5. Bg5 Bb4+ 6. c3 Ba5 7. Bxd8 Rxd8 8. Ng5 Nh6 9. Nd2 a6 10. Qh5 O-O
11. Bd3 Ne7 12. Nxh7 f5 13. Nxf8 Rxf8 14. O-O-O Be8 15. Qg5 Ng6 16. f3 c5 17. dxc5 Kh7 18. h4 Bd7 19. h5 Nh8 20. g4 N8f7
21. Qg6+ Kh8 22. Rdg1 Nxe5 23. Qg5 Nxd3+ 24. Kc2 Bb5 25. Qe7 Re8 26. Qg5 f4 27. Qg6 Nxc5 28. c4 dxc4 29. g5 Nf5 30. h6 Ba4+
31. b3 cxb3+ 32. axb3 Nd4+ 33. Kd1 Bxb3+ 34. Nxb3 Nf5 35. hxg7+
1-0

[Event "French X-ing"]
[Site "SchemingMind.com"]
[Date "2006.09.01"]
[Round "-"]
[White "Canuck36"]
[Black "flyingscot"]
[Result "1-0"]
[WhiteCountry "CAN"]
[BlackCountry "SCO"]
[WhiteElo "1561"]
[WhiteRD "87"]
[BlackElo "1440"]
[BlackRD "86"]
[GameID "66171"]

1. e4 e6 2. d4 d5 3. e5 c5 4. c3 cxd4 5. cxd4 Nc6 6. Nf3 Qb6 7. Bd3 Bd7 8. O-O O-O-O 9. Qc2 Kb8 10. Nc3 Nxd4
11. Nxd4 Qxd4 12. Re1 f6 13. exf6 gxf6 14. Bb5 Bc8 15. a3 Ne7 16. Be3 Qg4 17. f3 Qh5 18. Qa4 Nf5 19. Qxa7+ Kc7 20. Bb6+ Kd6
21. Bxd8 e5 22. Qb6#
1-0

[Event "French X-ing"]
[Site "SchemingMind.com"]
[Date "2006.09.01"]
[Round "-"]
[White "cnile"]
[Black "flyingscot"]
[Result "1-0"]
[WhiteCountry "SCO"]
[BlackCountry "SCO"]
[WhiteElo "1492"]
[WhiteRD "74"]
[BlackElo "1439"]
[BlackRD "82"]
[GameID "66172"]

1. e4 e6 2. d4 d5 3. e5 c5 4. c3 Nc6 5. Nf3 Qb6 6. Bd3 Bd7 7. Be3 cxd4 8. cxd4 Qxb2 9. Nbd2 Nb4 10. O-O Qa3
11. Nb3 Bc6 12. Bc1 Qa4 13. Bb1 Bb5 14. Re1 O-O-O 15. Ng5 Nh6 16. Nxh7 Be7 17. Ng5 Kb8 18. Nf3 Qa6 19. Bg5 Bxg5 20. Nxg5 Rdf8
21. Nc5 Qb6 22. a4 Bc6 23. Bd3 Qd8 24. Bb5 Qxg5 25. Bxc6 Nxc6 26. Nd7+ Ka8 27. Nxf8 Rxf8 28. Qd3 Nf5 29. a5 Rh8 30. a6 b6
31. Rac1 Nfxd4 32. Rc3 Qh4 33. h3 g6 34. Rec1 Rc8 35. Rxc6 Rxc6 36. Rxc6 Nxc6 37. Qb5 Nb8 38. Qe8 Qc4 39. Qxf7 Qxa6 40. Qxe6 Qa1+
41. Kh2 Qd4 42. Qd6 Qf4+ 43. Kg1 Qe4 44. e6 g5 45. e7 Kb7 46. Qd8 Qe1+ 47. Kh2 Qe5+ 48. g3 Qe4 49. e8=Q Qf3 50. Qc8+ Ka8
51. Qec6#
1-0

[Event "French X-ing"]
[Site "SchemingMind.com"]
[Date "2006.09.07"]
[Round "-"]
[White "knightrider"]
[Black "simon_w"]
[Result "0-1"]
[WhiteCountry "USA"]
[BlackCountry "IRL"]
[WhiteElo "1463"]
[WhiteRD "57"]
[BlackElo "1682"]
[BlackRD "70"]
[GameID "66447"]

1. e4 e6 2. d4 d5 3. e5 c5 4. c3 c4 5. Be2 b5 6. Nf3 f6 7. Na3 Ba6 8. O-O Nc6 9. Nc2 Nge7 10. Ne3 Qd7
11. exf6 gxf6 12. Ng4 Bg7 13. Re1 h5 14. Ne3 O-O-O 15. Nh4 f5 16. b3 f4 17. Nc2 Bf6 18. Nf3 Ng6 19. bxc4 bxc4 20. Nb4 Nxb4
21. cxb4 Rdg8 22. Ne5 Nxe5 23. dxe5 Bxe5 24. Bf3 Bxa1 25. Bxf4 Qf7 26. g3 Qxf4 27. Rxe6 Bd4 28. Kh1 Qf5 29. Rxa6 Re8 30. h4 Qh3+
0-1

[Event "French X-ing"]
[Site "SchemingMind.com"]
[Date "2006.09.07"]
[Round "-"]
[White "knightrider"]
[Black "desmondw"]
[Result "0-1"]
[WhiteCountry "USA"]
[BlackCountry "IRL"]
[WhiteElo "1463"]
[WhiteRD "57"]
[BlackElo "1693"]
[BlackRD "72"]
[GameID "66448"]

1. e4 e6 2. d4 d5 3. e5 Nc6 4. c3 f6 5. Nf3 Nh6 6. Be2 Nf5 7. O-O Qe7 8. b4 a6 9. Nbd2 Bd7 10. c4 dxc4
11. Nxc4 Nxb4 12. Ba3 O-O-O 13. Qd2 Bb5 14. Rab1 Nxd4 15. Bxb4 Nxf3+ 16. Bxf3 Rxd2 17. Bxe7 Bxc4 18. Bxb7+ Kd7 19. Bb4 Rxa2 20. Rbd1+ Ke8
21. Bc6+ Kf7 22. Rd8 Bxb4 23. Rd7+ Be7 24. Rc1 Re2 25. Rxc4 Re1#
0-1